000 00221nam a22000857a 4500
008 161112b xxu||||| |||| 00| 0 eng d
100 _91179
_aBPI India
245 _aAndrocles and the lion
260 _aNew Delhi
_bBPI India
_c2011
999 _c3858
_d3858